00739 2200277 4500001002100000005001500021035002000036007000300056008004100059020002200100082001400122084002000136100002800156245004200184250001000226300002900236650001000265650002400275700002300299264004100322336002100363337003000384338002300414990001200437990001200449INLIS00000000000011120230712013722 a0010-0723000087ta230712 0  a978-602-8231-60-2 a621.312 4 a621.312 4 BUD m0 aBudi MaryonoePengarang1 aMesin Konversi Energi /cBudi Maryono acet 1 a108 hlm :bilus ;c25 cm 4aMesin 4aEnergi, Penyimpanan0 aArifinePenyunting aYogyakarta :bMentari Pustaka,c2011 2rdacontentateks 2rdamediaatanpa perantara 2rdacarrieravolume a17.0169 a17.0170